[Event "27th ECh U20"]
[Site "Patras GRE"]
[Date "1999.10.16"]
[Round "11"]
[White "Dottling, Fabian"]
[Black "Fontaine, Robert"]
[Result "1/2-1/2"]
[WhiteElo "2475"]
[BlackElo "2408"]
[EventDate "1999.10.02"]
[PlyCount "50"]

1.d4 d5 2.c4 c6 3.Nf3 Nf6 4.Nc3 a6 5.e3 b5 6.cxd5 cxd5 7.Ne5 e6 8.Bd3 Nbd7
9.O-O Nxe5 10.dxe5 Nd7 11.f4 Bc5 12.Kh1 Bb7 13.Ne2 Qb6 14.Qd2 b4 15.b3 a5 
16.Nd4 Bxd4 17.exd4 Ba6 18.Bb2 Bxd3 19.Qxd3 f5 20.Rac1 O-O 21.a4 Rfc8 22.
Rc2 Rxc2 23.Qxc2 Qb7 24.Rc1 Kf7 25.Kg1 g6 1/2-1/2

[Event "27th ECh U20"]
[Site "Patras GRE"]
[Date "1999.10.16"]
[Round "11"]
[White "Jovanovic, Zoran"]
[Black "Iliushin, Alexei"]
[Result "1/2-1/2"]
[WhiteElo "2310"]
[BlackElo "2527"]
[EventDate "1999.10.02"]
[PlyCount "67"]

1.e4 c6 2.d4 d5 3.Nc3 g6 4.h3 Bg7 5.Nf3 Nh6 6.Bd3 f6 7.O-O Nf7 8.Re1 O-O 
9.Bf1 e6 10.g3 Na6 11.b3 Nc7 12.Ba3 Re8 13.e5 b6 14.exf6 Qxf6 15.Ne5 Nxe5 
16.dxe5 Qf7 17.f4 Ba6 18.Bg2 c5 19.Bb2 Rad8 20.Qd2 Rf8 21.h4 Qe7 22.a4 Bb7
23.Nd1 a5 24.Nf2 Ba8 25.c3 Bc6 26.Qc2 Rc8 27.Nh3 Bh6 28.Bc1 Qd7 29.Be3 Ne8
30.Red1 Qe7 31.Qe2 Nc7 32.Kh2 Bg7 33.Ng5 Be8 34.Bh3 1/2-1/2

[Event "27th ECh U20"]
[Site "Patras GRE"]
[Date "1999.10.16"]
[Round "11"]
[White "Medvegy, Zoltan"]
[Black "Halkias, Stelios"]
[Result "1/2-1/2"]
[WhiteElo "2397"]
[BlackElo "2406"]
[EventDate "1999.10.02"]
[PlyCount "150"]

1.e4 c5 2.Nf3 Nc6 3.d4 cxd4 4.Nxd4 Qc7 5.Nc3 e6 6.f4 a6 7.Nxc6 Qxc6 8.Bd3 
b5 9.Qe2 Bb7 10.Bd2 Rc8 11.O-O Qb6+ 12.Kh1 b4 13.Na4 Qc6 14.b3 Nf6 15.e5 
Ne4 16.Rae1 f5 17.exf6 Nxf6 18.f5 Bd6 19.fxe6 O-O 20.exd7 Nxd7 21.Qe6+ Kh8
22.Qh3 g6 23.Rxf8+ Rxf8 24.Bxg6 Nf6 25.Bg5 Qc7 26.Qh4 Qg7 27.Bd3 Ng8 28.
Rg1 Be5 29.Nc5 Bd5 30.Be4 Bd4 31.Bxh7 Bf2 32.Qh3 Qxh7 33.Qxh7+ Kxh7 34.
Nxa6 Bxg1 35.Kxg1 Rf5 36.h4 Re5 37.Nxb4 Bb7 38.Kf2 Nf6 39.Bxf6 Rf5+ 40.Ke3
Rxf6 41.g3 Kg7 42.Kd4 Rg6 43.a4 Kf7 44.a5 Ke7 45.h5 Rg5 46.a6 Ba8 47.Nd3 
Kd6 48.c4 Rxg3 49.b4 Rg4+ 50.Kc3 Kc7 51.b5 Kb6 52.Kb4 Be4 53.Nc5 Rh4 54.
Na4+ Ka7 55.Ka5 Rxh5 56.Nb6 Bg2 57.Na4 Bf1 58.c5 Bg2 59.Kb4 Rh4+ 60.Ka5 
Rh5 61.Kb4 Bf1 62.Ka5 Re5 63.Kb4 Re4+ 64.Ka5 Re5 65.Kb4 Re1 66.Nc3 Rc1 67.
Kb3 Bd3 68.Kb4 Rh1 69.Ka5 Rh5 70.Kb4 Rh4+ 71.Kb3 Rd4 72.Kb2 Rb4+ 73.Ka3 
Rc4 74.Nd5 Rxc5 75.b6+ Kxa6 1/2-1/2

[Event "27th ECh U20"]
[Site "Patras GRE"]
[Date "1999.10.16"]
[Round "11"]
[White "Mastrovasilis, Athanasios"]
[Black "Cvek, Robert"]
[Result "1/2-1/2"]
[WhiteElo "2345"]
[BlackElo "2444"]
[EventDate "1999.10.02"]
[PlyCount "25"]

1.Nf3 c5 2.c4 Nc6 3.g3 g6 4.Bg2 Bg7 5.Nc3 e6 6.e3 Nge7 7.d4 cxd4 8.Nxd4 
Nxd4 9.exd4 O-O 10.O-O d5 11.cxd5 Nxd5 12.Qb3 Qb6 13.Nxd5 1/2-1/2

[Event "27th ECh U20"]
[Site "Patras GRE"]
[Date "1999.10.16"]
[Round "11"]
[White "Lopez Martinez, Josep Manuel"]
[Black "De Vreugt, Dennis"]
[Result "0-1"]
[WhiteElo "2378"]
[BlackElo "2398"]
[EventDate "1999.10.02"]
[PlyCount "78"]

1.d4 d5 2.c4 c6 3.e3 Nf6 4.Nc3 a6 5.Bd3 dxc4 6.Bxc4 b5 7.Bd3 Nbd7 8.Nf3 c5
9.O-O e6 10.b3 Bb7 11.Bb2 Bd6 12.Qe2 O-O 13.Rad1 Qc7 14.h3 cxd4 15.Nxd4 
Nc5 16.Bc2 b4 17.Nb1 Nce4 18.Nd2 Ng5 19.N2f3 Nxf3+ 20.Nxf3 Bxf3 21.Qxf3 
Bh2+ 22.Kh1 Be5 23.Bxe5 Qxe5 24.Rd4 a5 25.Qd1 Qc7 26.Rc4 Qe7 27.e4 Rfd8 
28.Qe2 e5 29.Bd3 Ra7 30.Rfc1 g6 31.Rc8 Kg7 32.Rxd8 Qxd8 33.Bb5 Qd4 34.Rc4 
Qb6 35.Rc6 Qd8 36.Rc5 Rc7 37.Bc6 Qd6 38.Qc2 Nxe4 39.Rd5 Qxd5 0-1

[Event "27th ECh U20"]
[Site "Patras GRE"]
[Date "1999.10.16"]
[Round "11"]
[White "Ribshtein, Nati"]
[Black "Kallio, Heikki"]
[Result "0-1"]
[WhiteElo "2349"]
[BlackElo "2360"]
[EventDate "1999.10.02"]
[PlyCount "82"]

1.e4 c5 2.Nf3 e6 3.d4 cxd4 4.Nxd4 Nf6 5.Nc3 d6 6.Be3 a6 7.f3 b5 8.g4 Bb7 
9.Qd2 Nc6 10.Nxc6 Bxc6 11.O-O-O Be7 12.Ne2 Rc8 13.Nd4 Bb7 14.g5 Nd7 15.h4 
Ne5 16.Qg2 g6 17.Kb1 Nc4 18.Bxc4 Rxc4 19.h5 Rf8 20.hxg6 hxg6 21.Qd2 Rc8 
22.Rh7 Qc7 23.Rdh1 d5 24.e5 b4 25.f4 Rg8 26.Qh2 a5 27.Qh3 Rf8 28.Rg7 a4 
29.Qf1 Qa5 30.Rhh7 b3 31.axb3 Ba6 32.Qd1 axb3 33.Nxb3 Qa4 34.Nd4 Ra8 35.b3
Qa5 36.Nc6 Qc3 37.Bd4 Qxc6 38.f5 exf5 39.e6 Qxe6 40.Rh1 Be2 41.Qd2 Bf3 0-1

[Event "27th ECh U20"]
[Site "Patras GRE"]
[Date "1999.10.16"]
[Round "11"]
[White "Bagirov, Rufat"]
[Black "Molander, Riku"]
[Result "1/2-1/2"]
[WhiteElo "2471"]
[BlackElo "2234"]
[EventDate "1999.10.02"]
[PlyCount "90"]

1.d4 d5 2.Nf3 c6 3.c4 Nf6 4.Nc3 e6 5.cxd5 exd5 6.Qc2 Na6 7.Bg5 Nb4 8.Qd2 
Bf5 9.Rc1 Be7 10.Bxf6 Bxf6 11.e3 a5 12.a3 Na6 13.Bd3 Bxd3 14.Qxd3 O-O 15.
O-O Nc7 16.Na4 Ne6 17.Qb3 Ra7 18.Ne1 Re8 19.Kh1 Be7 20.Nd3 Bd6 21.Qd1 Nf8 
22.g3 Nd7 23.Kg2 Nb6 24.Nxb6 Qxb6 25.a4 Qd8 26.Qb3 h5 27.Rce1 h4 28.Qd1 b6
29.Qf3 Rae7 30.Rc1 Qd7 31.Rc3 Re6 32.Qg4 hxg3 33.hxg3 Rc8 34.Rh1 Qe8 35.
Rh5 g6 36.Rh1 Bf8 37.Nf4 Rd6 38.Qf3 Bg7 39.Rhc1 Qd7 40.Rb3 c5 41.Rb5 cxd4 
42.Rxc8+ Qxc8 43.Rxd5 Rxd5 44.Nxd5 Qc2 45.exd4 Bxd4 1/2-1/2

[Event "27th ECh U20"]
[Site "Patras GRE"]
[Date "1999.10.16"]
[Round "11"]
[White "Shavtvaladze, Nikoloz"]
[Black "Mateuta, Gabriel"]
[Result "1-0"]
[WhiteElo "2289"]
[BlackElo "2398"]
[EventDate "1999.10.02"]
[PlyCount "75"]

1.e4 c6 2.d4 d5 3.Nc3 g6 4.h3 Bg7 5.Nf3 Nh6 6.Bf4 f6 7.exd5 cxd5 8.Bxb8 
Rxb8 9.Bb5+ Kf8 10.Qe2 Nf7 11.O-O Bh6 12.Na4 Kg7 13.Rfe1 a6 14.Bd3 Re8 15.
c4 b5 16.cxb5 e5 17.dxe5 fxe5 18.Nd4 Qg5 19.Nc6 e4 20.Nxb8 Bxh3 21.f4 Qg3 
22.Qf2 Qxd3 23.Nxa6 Bg4 24.N4c5 Qc4 25.b3 Qc3 26.Nc7 Rc8 27.b6 Rxc7 28.
bxc7 Bxf4 29.Qxf4 Qxc5+ 30.Kh1 Bc8 31.Rf1 Qe7 32.Qxf7+ Qxf7 33.Rxf7+ Kxf7 
34.a4 d4 35.a5 Ba6 36.b4 e3 37.b5 Bc8 38.a6 1-0

[Event "27th ECh U20"]
[Site "Patras GRE"]
[Date "1999.10.16"]
[Round "11"]
[White "Dovliatov, Sanan"]
[Black "Skytte, Rasmus"]
[Result "1/2-1/2"]
[WhiteElo "2339"]
[BlackElo "2338"]
[EventDate "1999.10.02"]
[PlyCount "61"]

1.e4 c5 2.Nf3 Nc6 3.d4 cxd4 4.Nxd4 g6 5.c4 Bg7 6.Be3 Nf6 7.Nc3 d6 8.Be2 h5
9.f3 h4 10.O-O Nh5 11.Nxc6 bxc6 12.f4 Rb8 13.Rb1 Qa5 14.Qd2 f5 15.Bf3 O-O 
16.b4 Qa6 17.Be2 fxe4 18.Nxe4 Bf5 19.Bd3 Nf6 20.Nf2 Nd7 21.Rb3 c5 22.b5 
Qa4 23.Rc1 a6 24.Ne4 axb5 25.cxb5 Nb6 26.Ng5 Bxd3 27.Qxd3 Rf5 28.Ra3 Qb4 
29.Rb3 Qa4 30.Ra3 Qb4 31.Rb3 1/2-1/2

[Event "27th ECh U20"]
[Site "Patras GRE"]
[Date "1999.10.16"]
[Round "11"]
[White "Haznedaroglu, Kivanc"]
[Black "Blehm, Pawel"]
[Result "0-1"]
[WhiteElo "2187"]
[BlackElo "2479"]
[EventDate "1999.10.02"]
[PlyCount "86"]

1.d4 Nf6 2.Nf3 g6 3.Bf4 Bg7 4.e3 d6 5.Bd3 O-O 6.h3 c5 7.c3 b6 8.O-O Bb7 9.
Qe2 Nc6 10.Rd1 Qc7 11.Ba6 Bxa6 12.Qxa6 e5 13.Bh2 cxd4 14.exd4 e4 15.Nfd2 
Qd7 16.d5 Na5 17.Na3 Rfe8 18.Qb5 Qe7 19.Nac4 Nb7 20.Re1 Rac8 21.Qa6 Nc5 
22.Qa3 Bh6 23.Re2 Rcd8 24.Rd1 Nxd5 25.Nxe4 Nf4 26.Bxf4 Bxf4 27.Rde1 Nxe4 
28.Rxe4 Qd7 29.g3 Rxe4 30.Rxe4 Bg5 31.h4 d5 32.Ne5 Qc7 33.Re2 Be7 34.Qa4 
Bc5 35.Kg2 a5 36.h5 Qd6 37.b4 axb4 38.cxb4 Bxb4 39.Nc6 Qd7 40.Qb5 Bc5 41.
a4 Re8 42.hxg6 Rxe2 43.gxf7+ Kf8 0-1

[Event "27th ECh U20"]
[Site "Patras GRE"]
[Date "1999.10.16"]
[Round "11"]
[White "Jedryczka, Krystian"]
[Black "Hunt, Adam"]
[Result "0-1"]
[WhiteElo "2334"]
[BlackElo "2288"]
[EventDate "1999.10.02"]
[PlyCount "82"]

1.e4 c5 2.Nf3 d6 3.d4 cxd4 4.Nxd4 Nf6 5.Nc3 a6 6.Be3 e5 7.Nb3 Be6 8.f3 
Nbd7 9.g4 Nb6 10.Qd2 Rc8 11.O-O-O Be7 12.Kb1 Qc7 13.h4 Nc4 14.Bxc4 Qxc4 
15.g5 Nd7 16.Rh2 b5 17.Na5 Qc7 18.Nd5 Bxd5 19.exd5 Nb8 20.f4 f6 21.Rf2 O-O
22.f5 Bd8 23.Nb3 Qc4 24.Rg1 Qe4 25.g6 h6 26.Bxh6 Bb6 27.Re1 Qg4 28.Be3 
Bxe3 29.Qxe3 Qh5 30.Nd2 Rc5 31.Qd3 Nd7 32.b4 Rc7 33.Ne4 Nb6 34.c3 Rfc8 35.
Rc1 Kf8 36.Qd1 Qxd1 37.Rxd1 Na4 38.h5 Rc4 39.h6 Rxe4 40.Rh1 Nxc3+ 41.Ka1 
gxh6 0-1

[Event "27th ECh U20"]
[Site "Patras GRE"]
[Date "1999.10.16"]
[Round "11"]
[White "Anchev, Nikolai"]
[Black "Johannessen, Leif Erlend"]
[Result "0-1"]
[WhiteElo "2155"]
[BlackElo "2356"]
[EventDate "1999.10.02"]
[PlyCount "58"]

1.e4 e6 2.d4 d5 3.Nd2 c5 4.Ngf3 cxd4 5.exd5 Qxd5 6.Bc4 Qd6 7.O-O Nf6 8.Nb3
Nc6 9.Nbxd4 Nxd4 10.Nxd4 a6 11.c3 Bd7 12.Qe2 Qc7 13.Bg5 O-O-O 14.Rad1 Bd6 
15.h3 h6 16.Be3 Kb8 17.Nc2 Rc8 18.b3 Rhd8 19.Nb4 Ne4 20.Qd3 f5 21.Rc1 Bb5 
22.Qb1 Bxc4 23.bxc4 Qxc4 24.Qb2 Ka8 25.Rfd1 Nxc3 26.Rd4 Ne2+ 27.Kf1 Ng3+ 
28.Kg1 Qxc1+ 29.Bxc1 Rxc1+ 0-1

[Event "27th ECh U20"]
[Site "Patras GRE"]
[Date "1999.10.16"]
[Round "11"]
[White "Petrik, Tomas"]
[Black "Eriksson, Jonas"]
[Result "1-0"]
[WhiteElo "2296"]
[BlackElo "2188"]
[EventDate "1999.10.02"]
[PlyCount "79"]

1.e4 c6 2.d4 d5 3.exd5 cxd5 4.c4 Nf6 5.Nc3 e6 6.Nf3 Bb4 7.Bd2 dxc4 8.Bxc4 
Nc6 9.O-O O-O 10.Be3 a6 11.a3 Bxc3 12.bxc3 b5 13.Bd3 Bb7 14.a4 b4 15.c4 a5
16.Qe2 h6 17.h3 Qd6 18.Rfd1 Rfe8 19.Rac1 Rad8 20.Qb2 Nd7 21.Nd2 Nc5 22.Ne4
Nxe4 23.Bxe4 f5 24.Bb1 Ne7 25.f3 Qg3 26.Bf2 Qg5 27.h4 Qf4 28.Qe2 Ng6 29.
Qe1 Qc7 30.Ba2 Kh8 31.Bb3 Nf4 32.Qd2 g5 33.Bg3 Qg7 34.Qe3 Ng6 35.hxg5 hxg5
36.Qxg5 Rxd4 37.Rxd4 Qxd4+ 38.Bf2 Qf4 39.Qxg6 Qxc1+ 40.Kh2 1-0

[Event "27th ECh U20"]
[Site "Patras GRE"]
[Date "1999.10.16"]
[Round "11"]
[White "Bohnenblust, Simon"]
[Black "Nikolchovski, Toni"]
[Result "1-0"]
[WhiteElo "2239"]
[BlackElo "2190"]
[EventDate "1999.10.02"]
[PlyCount "56"]

1.e4 c6 2.d4 g6 3.Nc3 d5 4.e5 Bg7 5.h3 Nh6 6.Nf3 f6 7.Bf4 O-O 8.Bd3 Nf7 9.
O-O fxe5 10.dxe5 e6 11.b4 a5 12.a3 axb4 13.axb4 Rxa1 14.Qxa1 g5 15.Bg3 Qb6
16.Qa5 Qxa5 17.bxa5 c5 18.Bb5 Nd7 19.Re1 Nb8 20.Na4 Bd7 21.Rb1 Bxb5 22.
Rxb5 Nc6 23.Nxc5 Nfxe5 24.Nxe5 Nxe5 25.Bxe5 Bxe5 26.Nd7 Rf5 27.g4 Bh2+ 28.
Kxh2 Rxf2+ 1-0

[Event "27th ECh U20"]
[Site "Patras GRE"]
[Date "1999.10.16"]
[Round "11"]
[White "Erturan, Yakup"]
[Black "Perunovic, Miodrag"]
[Result "1-0"]
[WhiteElo "2148"]
[BlackElo "2247"]
[EventDate "1999.10.02"]
[PlyCount "103"]

1.e4 c5 2.Nf3 d6 3.d4 cxd4 4.Nxd4 Nf6 5.Nc3 g6 6.Be3 Bg7 7.Bc4 O-O 8.f3 
Nc6 9.Qd2 Bd7 10.O-O-O Rc8 11.Bb3 Ne5 12.h4 h5 13.g4 hxg4 14.h5 Nxh5 15.
Bh6 e6 16.Bxg7 Kxg7 17.fxg4 Nxg4 18.Rdg1 Nhf6 19.Nf3 Qb6 20.Rh4 Qe3 21.
Qxe3 Nxe3 22.Kd2 Nc4+ 23.Bxc4 Rxc4 24.e5 Rxh4 25.exf6+ Kxf6 26.Nxh4 Bc6 
27.Nf3 e5 28.Ng5 Ke7 29.b4 b6 30.a4 f6 31.Nge4 d5 32.b5 Bb7 33.Nf2 Rg8 34.
a5 Kd6 35.a6 Bc8 36.Rh1 Rg7 37.Rh8 Be6 38.Rd8+ Rd7 39.Rb8 f5 40.Na4 Kc7 
41.Ra8 Kd6 42.Nd3 Rc7 43.Nxb6 d4 44.Rd8+ Ke7 45.Rb8 Kd6 46.Na4 Bc8 47.Ndc5
e4 48.Nb7+ Ke5 49.b6 e3+ 50.Kd3 axb6 51.a7 Be6 52.Re8 1-0

[Event "27th ECh U20"]
[Site "Patras GRE"]
[Date "1999.10.16"]
[Round "11"]
[White "Guid, Matej"]
[Black "Crut, Aurelien"]
[Result "1/2-1/2"]
[WhiteElo "2185"]
[BlackElo "2207"]
[EventDate "1999.10.02"]
[PlyCount "34"]

1.Nf3 d6 2.e4 Nf6 3.Nc3 e5 4.d4 Nbd7 5.g3 Be7 6.Bg2 O-O 7.O-O c6 8.a4 b6 
9.b3 Re8 10.Re1 Qc7 11.Bb2 Bb7 12.Qd2 a6 13.h3 b5 14.Bf1 Bf8 15.axb5 axb5 
16.Rxa8 Bxa8 17.Bd3 exd4 1/2-1/2

[Event "27th ECh U20"]
[Site "Patras GRE"]
[Date "1999.10.17"]
[Round "12"]
[White "Blehm, Pawel"]
[Black "Dottling, Fabian"]
[Result "1/2-1/2"]
[WhiteElo "2479"]
[BlackElo "2475"]
[EventDate "1999.10.02"]
[PlyCount "48"]

1.e4 c6 2.d4 d5 3.exd5 cxd5 4.c4 Nf6 5.Nc3 e6 6.Nf3 Be7 7.cxd5 Nxd5 8.Bc4 
Nc6 9.O-O O-O 10.Re1 Bf6 11.Ne4 h6 12.a3 b6 13.Qd3 Bb7 14.Bb3 Nce7 15.Bc2 
Ng6 16.Ne5 Bxe5 17.dxe5 Ndf4 18.Qxd8 Rfxd8 19.Bxf4 Nxf4 20.Red1 Rxd1+ 21.
Rxd1 Rc8 22.Bb1 Bd5 23.g3 Bb3 24.Re1 Nd5 1/2-1/2

[Event "27th ECh U20"]
[Site "Patras GRE"]
[Date "1999.10.17"]
[Round "12"]
[White "Solak, Dragan"]
[Black "Medvegy, Zoltan"]
[Result "1/2-1/2"]
[WhiteElo "2457"]
[BlackElo "2397"]
[EventDate "1999.10.02"]
[PlyCount "129"]

1.e4 c5 2.Nf3 Nc6 3.d4 cxd4 4.Nxd4 Nf6 5.Nc3 e5 6.Ndb5 d6 7.Bg5 a6 8.Na3 
b5 9.Nd5 Be7 10.Bxf6 Bxf6 11.c3 Bb7 12.Nc2 Nb8 13.Nce3 Nd7 14.Qf3 O-O 15.
Rd1 g6 16.h4 Bg7 17.g3 Nf6 18.Bh3 Nxd5 19.Nxd5 Bxd5 20.Rxd5 Qb6 21.O-O 
Rfb8 22.Rfd1 Bf8 23.Bf1 Ra7 24.Bd3 Rc7 25.a3 Rc5 26.Bc2 Rxd5 27.Rxd5 Qc7 
28.Bb3 Bh6 29.Rd3 Bc1 30.Qe2 Rd8 31.Rf3 Rd7 32.c4 bxc4 33.Ba4 Rd8 34.Rc3 
Bh6 35.Rxc4 Qb6 36.Rb4 Qa7 37.Bc6 Rb8 38.Rxb8+ Qxb8 39.Qxa6 Qxb2 40.Bd5 
Qc1+ 41.Kg2 Qc7 42.Qe2 Bg7 43.Qf3 Bh6 44.Qe2 Bg7 45.a4 Bf6 46.Qf3 Kg7 47.
h5 Bd8 48.a5 Qa7 49.a6 Bb6 50.Qe2 gxh5 51.Qxh5 Bxf2 52.Qg5+ Kf8 53.Qd8+ 
Kg7 54.Qg5+ Kf8 55.Qh6+ Kg8 56.Qxd6 Bd4 57.Kf3 Kg7 58.Ke2 Qb6 59.Qxb6 Bxb6
60.Kd3 Kf6 61.Kc4 Kg5 62.Bxf7 Kg4 63.Bg8 h6 64.Kd5 Bd4 65.a7 1/2-1/2

[Event "27th ECh U20"]
[Site "Patras GRE"]
[Date "1999.10.17"]
[Round "12"]
[White "Cvek, Robert"]
[Black "Fontaine, Robert"]
[Result "1/2-1/2"]
[WhiteElo "2444"]
[BlackElo "2408"]
[EventDate "1999.10.02"]
[PlyCount "65"]

1.Nf3 d5 2.b3 Bg4 3.Bb2 Bxf3 4.exf3 e6 5.g3 Nf6 6.Bg2 g6 7.f4 Bg7 8.O-O 
O-O 9.d3 a5 10.a4 Nfd7 11.Bxg7 Kxg7 12.Nd2 Qf6 13.Nf3 c5 14.c4 Nc6 15.cxd5
exd5 16.Rc1 b6 17.Bh3 Ndb8 18.Re1 Nd4 19.Nxd4 Qxd4 20.Qe2 Qf6 21.d4 Qxd4 
22.Rcd1 Qf6 23.Bg2 Nc6 24.Bxd5 Nd4 25.Rxd4 cxd4 26.Bxa8 Rxa8 27.Qe5 Rc8 
28.Rd1 Rc3 29.Rxd4 Rxb3 30.Rd6 Qxe5 31.fxe5 g5 32.g4 Rb4 33.h3 1/2-1/2

[Event "27th ECh U20"]
[Site "Patras GRE"]
[Date "1999.10.17"]
[Round "12"]
[White "De Vreugt, Dennis"]
[Black "Stryjecki, Marek"]
[Result "1/2-1/2"]
[WhiteElo "2398"]
[BlackElo "2448"]
[EventDate "1999.10.02"]
[PlyCount "119"]

1.e4 g6 2.d4 Bg7 3.Nc3 d6 4.Be3 a6 5.f4 b5 6.Be2 b4 7.Nb1 Bb7 8.Bf3 Nf6 9.
Nd2 Nbd7 10.Nh3 O-O 11.O-O e5 12.c3 exd4 13.cxd4 Re8 14.e5 Nd5 15.Qb3 N7b6
16.Bf2 a5 17.Nc4 a4 18.Qc2 Nxc4 19.Qxc4 Nb6 20.Qxb4 Bxf3 21.gxf3 Qd7 22.
Kg2 f6 23.exd6 Qxd6 24.Qxd6 cxd6 25.Rfe1 f5 26.Rac1 Rxe1 27.Rxe1 Rc8 28.
Re2 Nd5 29.Kg3 h6 30.Ng1 Kf7 31.Rd2 Bf6 32.Ne2 Bd8 33.Nc3 Ba5 34.Be1 Nxc3 
35.bxc3 Bxc3 36.Rd1 Bxe1+ 37.Rxe1 Rc2 38.d5 Rd2 39.Rb1 a3 40.Rb7+ Ke8 41.
Rg7 Rxa2 42.Rxg6 Ra1 43.Rg8+ Kd7 44.Ra8 Kc7 45.Kh4 Kb7 46.Ra4 Kb6 47.Kh5 
Kb5 48.Ra8 Kb4 49.Kxh6 Rd1 50.Rb8+ Kc3 51.Ra8 Kb2 52.Rb8+ Ka1 53.Kg6 a2 
54.Rb5 Rb1 55.Ra5 Rb4 56.Kxf5 Kb2 57.Ke6 Rxf4 58.Kxd6 Rxf3 59.Rxa2+ Kxa2 
60.Kc7 1/2-1/2

[Event "27th ECh U20"]
[Site "Patras GRE"]
[Date "1999.10.17"]
[Round "12"]
[White "Johannessen, Leif Erlend"]
[Black "Bagirov, Rufat"]
[Result "0-1"]
[WhiteElo "2356"]
[BlackElo "2471"]
[EventDate "1999.10.02"]
[PlyCount "50"]

1.d4 Nf6 2.c4 g6 3.Nc3 d5 4.Nf3 Bg7 5.Bg5 Ne4 6.cxd5 Nxg5 7.Nxg5 e6 8.Qd2 
exd5 9.Qe3+ Kf8 10.Qf4 Bf6 11.h4 h6 12.Nf3 Be6 13.e3 c6 14.Bd3 Nd7 15.Ne5 
Nxe5 16.dxe5 Bg7 17.Qd4 Qb6 18.b4 f6 19.Qf4 g5 20.hxg5 hxg5 21.Rxh8+ Bxh8 
22.Qh2 Bg7 23.exf6 Bxf6 24.Qd6+ Kf7 25.Na4 Rd8 0-1

[Event "27th ECh U20"]
[Site "Patras GRE"]
[Date "1999.10.17"]
[Round "12"]
[White "Iliushin, Alexei"]
[Black "Hunt, Adam"]
[Result "1-0"]
[WhiteElo "2527"]
[BlackElo "2288"]
[EventDate "1999.10.02"]
[PlyCount "67"]

1.d4 d5 2.c4 dxc4 3.Nf3 Nf6 4.e3 e6 5.Bxc4 c5 6.O-O a6 7.Bb3 Nc6 8.Nc3 Be7
9.dxc5 Qxd1 10.Rxd1 Bxc5 11.Bd2 Ke7 12.Rac1 Ba7 13.Be1 Bd7 14.Na4 Rhd8 15.
Nc5 Bxc5 16.Rxc5 Be8 17.Rdc1 Ne4 18.R5c4 Nd6 19.R4c2 f6 20.Nd4 Nxd4 21.
exd4 Nb5 22.Ba5 Rd7 23.d5 exd5 24.Bb4+ Kd8 25.Bc5 Bf7 26.Re1 Nc7 27.Bb6 
Rc8 28.Rec1 Bg6 29.Rc5 Bf7 30.h4 Be6 31.f3 Bf7 32.Kf2 d4 33.Rxc7 Rcxc7 34.
Rxc7 1-0

[Event "27th ECh U20"]
[Site "Patras GRE"]
[Date "1999.10.17"]
[Round "12"]
[White "Mateuta, Gabriel"]
[Black "Ribshtein, Nati"]
[Result "1-0"]
[WhiteElo "2398"]
[BlackElo "2349"]
[EventDate "1999.10.02"]
[PlyCount "179"]

1.d4 Nf6 2.Nf3 g6 3.g3 Bg7 4.Bg2 O-O 5.O-O d5 6.Bf4 c6 7.Qc1 Bg4 8.Nbd2 
Nbd7 9.c4 Ne4 10.Rd1 Qb6 11.Be3 Qa6 12.b3 Nd6 13.Bf4 Bxf3 14.Nxf3 dxc4 15.
Bxd6 exd6 16.Qxc4 Qa5 17.e3 d5 18.Qc2 Qa3 19.b4 Nb6 20.Rab1 Qa4 21.Qxa4 
Nxa4 22.Rdc1 a6 23.Nd2 Rfe8 24.Nb3 Bf8 25.Nc5 Nxc5 26.bxc5 Re7 27.Rb3 Rc8 
28.Rcb1 Rcc7 29.Kf1 f5 30.Ke2 Kf7 31.Kd3 Red7 32.Bf3 Be7 33.g4 Bh4 34.R3b2
Kf6 35.Bd1 Ke6 36.f4 Bf6 37.h3 Rg7 38.Ke2 Bd8 39.Bc2 Bf6 40.Kf3 Rcd7 41.
Bd3 Bd8 42.Rg2 Bf6 43.Rbg1 Rdf7 44.Ke2 Rd7 45.Kd2 Rdf7 46.Kc3 Rd7 47.Kb4 
Rgf7 48.gxf5+ gxf5 49.Rg8 Bh4 50.R1g2 Kf6 51.Kc3 Rde7 52.Kd2 Rd7 53.Rh8 
Rde7 54.Rhg8 Rd7 55.Re8 Rde7 56.Rd8 Rd7 57.Rxd7 Rxd7 58.Rg8 Rf7 59.Ke2 Ke6
60.Kf1 Kf6 61.Re8 Kg6 62.Rg8+ Kf6 63.Ke2 Ke7 64.Kf3 Kf6 65.Bc2 Ke7 66.Bxf5
Rxf5 67.Kg4 Rf7 68.Kxh4 Kf6 69.Kg4 Re7 70.Kf3 Rf7 71.a4 Re7 72.a5 Rf7 73.
Re8 Rg7 74.Rf8+ Ke7 75.Rf5 Ke6 76.Rh5 Kf6 77.h4 Re7 78.Rh6+ Kf5 79.Rd6 Rg7
80.Rd8 Rf7 81.Re8 Rg7 82.Rf8+ Ke6 83.f5+ Ke7 84.Rh8 Kf6 85.Kf4 Rd7 86.Re8 
Rf7 87.Re6+ Kg7 88.h5 Rd7 89.f6+ Kf7 90.Kf5 1-0

[Event "27th ECh U20"]
[Site "Patras GRE"]
[Date "1999.10.17"]
[Round "12"]
[White "Halkias, Stelios"]
[Black "Jovanovic, Zoran"]
[Result "1-0"]
[WhiteElo "2406"]
[BlackElo "2310"]
[EventDate "1999.10.02"]
[PlyCount "75"]

1.d4 Nf6 2.c4 g6 3.Nc3 Bg7 4.e4 O-O 5.Nf3 d6 6.Be2 e5 7.Be3 c6 8.d5 Na6 9.
Nd2 Ne8 10.g4 f5 11.gxf5 gxf5 12.exf5 Bxf5 13.Nde4 Nf6 14.Ng3 Bh3 15.Rg1 
Kh8 16.Qd2 cxd5 17.Nxd5 Nxd5 18.cxd5 Rc8 19.Nh5 Bf6 20.Rg3 Bf5 21.Bh6 Rg8 
22.Rxg8+ Kxg8 23.Kf1 Bg6 24.Qe3 Rc5 25.Qh3 Nc7 26.Rd1 Bg5 27.Bxg5 Qxg5 28.
Ng3 Rc2 29.Qc8+ Ne8 30.Qxb7 Qh4 31.Kg1 Qa4 32.Bb5 Qg4 33.Rf1 Rxb2 34.a4 
Qxa4 35.Bxe8 Qc2 36.Qe7 a5 37.Bd7 Bf7 38.Nf5 1-0

[Event "27th ECh U20"]
[Site "Patras GRE"]
[Date "1999.10.17"]
[Round "12"]
[White "Kallio, Heikki"]
[Black "Mastrovasilis, Athanasios"]
[Result "1-0"]
[WhiteElo "2360"]
[BlackElo "2345"]
[EventDate "1999.10.02"]
[PlyCount "127"]

1.Nf3 Nf6 2.g3 b5 3.Bg2 Bb7 4.O-O e6 5.d3 c5 6.e4 d6 7.Ne1 Qb6 8.g4 Nc6 9.
c3 Be7 10.Nc2 O-O-O 11.a4 b4 12.cxb4 Nxb4 13.Nxb4 Qxb4 14.Bd2 Qb6 15.Na3 
h5 16.Nc4 Qa6 17.g5 Ng4 18.b4 cxb4 19.Bxb4 Kd7 20.Qd2 Ne5 21.Nxe5+ dxe5 
22.Rfb1 Ba8 23.d4 Ke8 24.d5 Bxb4 25.Rxb4 Ke7 26.Rb5 Qd6 27.Qa5 exd5 28.
exd5 Rd7 29.Re1 Re8 30.Rc5 Kf8 31.Be4 Rde7 32.Rec1 Qd7 33.f3 f5 34.gxf6 
gxf6 35.Rc7 Qd6 36.Rxe7 Rxe7 37.Qd2 f5 38.Bxf5 Rg7+ 39.Kh1 Qxd5 40.Qb4+ 
Re7 41.Be4 Qd8 42.Rf1 a5 43.Qc5 h4 44.Qc1 Rg7 45.Rd1 Qe8 46.Qh6 Bxe4 47.
fxe4 Qg6 48.Qh8+ Kf7 49.Rd7+ Ke6 50.Rxg7 Qxe4+ 51.Kg1 Qe3+ 52.Kg2 Qe2+ 53.
Kh3 Qf3+ 54.Kxh4 Qf4+ 55.Kh3 Qf1+ 56.Rg2 Qf5+ 57.Rg4 Qf1+ 58.Kh4 Qf2+ 59.
Kg5 Qe3+ 60.Kg6 Qd3+ 61.Kg7 Qd7+ 62.Kh6 Qd2+ 63.Rg5 Qxh2+ 64.Kg7 1-0

[Event "27th ECh U20"]
[Site "Patras GRE"]
[Date "1999.10.17"]
[Round "12"]
[White "Lopez Martinez, Josep Manuel"]
[Black "Markidis, Konstantinos"]
[Result "1-0"]
[WhiteElo "2378"]
[BlackElo "2295"]
[EventDate "1999.10.02"]
[PlyCount "151"]

1.d4 Nf6 2.Nf3 g6 3.c4 Bg7 4.Nc3 O-O 5.e4 d6 6.Be2 e5 7.O-O Nc6 8.d5 Ne7 
9.Ne1 Nd7 10.Be3 f5 11.f3 f4 12.Bf2 g5 13.Rc1 Rf6 14.Nd3 Rh6 15.Kh1 Nf6 
16.c5 Qe8 17.b4 Bd7 18.Nb2 Qg6 19.Nc4 Nh5 20.Qe1 Kh8 21.Nd2 a6 22.Ncb1 Nf6
23.cxd6 cxd6 24.Rc7 b5 25.Nc3 Qe8 26.Qc1 Nh5 27.Kg1 Ng3 28.Bxg3 fxg3 29.
hxg3 Nc8 30.Kf2 Bf6 31.Rh1 Rxh1 32.Qxh1 Bd8 33.Rb7 Bb6+ 34.Ke1 Ra7 35.Rxa7
Bxa7 36.Qh6 Qe7 37.Nd1 Qg7 38.Qh5 Qf6 39.Nf1 Kg7 40.Nfe3 Bd4 41.Kd2 h6 42.
Bd3 Ne7 43.Nf2 Qg6 44.Qxg6+ Kxg6 45.Nfd1 h5 46.Nc2 Bb6 47.a4 bxa4 48.Bxa6 
Nc8 49.Na3 Bd4 50.Nc4 Nb6 51.Nxb6 Bxb6 52.Kc2 Bd4 53.b5 Kf7 54.Nc3 Ke8 55.
Nxa4 Kd8 56.Nb2 Bxb2 57.Kxb2 Kc7 58.Kc3 Kb6 59.Kd3 h4 60.gxh4 gxh4 61.Ke3 
Kc5 62.Kf2 Kb6 63.Kg1 Kc7 64.Kh2 Kb6 65.g3 hxg3+ 66.Kxg3 Kc7 67.Kh4 Kb6 
68.Kg5 Bh3 69.Kf6 Bg2 70.Ke7 Kc5 71.b6 Kxb6 72.Kxd6 Kxa6 73.Kc7 Bxf3 74.d6
Bg4 75.d7 Bxd7 76.Kxd7 1-0

[Event "27th ECh U20"]
[Site "Patras GRE"]
[Date "1999.10.17"]
[Round "12"]
[White "Skytte, Rasmus"]
[Black "Jedryczka, Krystian"]
[Result "1/2-1/2"]
[WhiteElo "2338"]
[BlackElo "2334"]
[EventDate "1999.10.02"]
[PlyCount "76"]

1.e4 c5 2.Nf3 Nc6 3.d4 cxd4 4.Nxd4 Nf6 5.Nc3 e5 6.Ndb5 d6 7.Bg5 a6 8.Na3 
b5 9.Bxf6 gxf6 10.Nd5 f5 11.c3 Bg7 12.exf5 Bxf5 13.Nc2 Be6 14.Nce3 Ne7 15.
a4 Nxd5 16.Nxd5 O-O 17.Be2 Rc8 18.axb5 axb5 19.O-O Rc5 20.Nb4 e4 21.f4 
exf3 22.Bxf3 d5 23.Nc2 Rc4 24.Qd2 d4 25.Nxd4 Bxd4+ 26.cxd4 Qxd4+ 27.Qxd4 
Rxd4 28.Rfd1 Rfd8 29.Kf2 Kg7 30.Ke3 Rxd1 31.Rxd1 Rc8 32.Rd4 Bc4 33.Rg4+ 
Kf6 34.Rf4+ Kg7 35.Be4 h6 36.Bd3 Bxd3 37.Kxd3 Rc5 38.b3 Kg6 1/2-1/2

[Event "27th ECh U20"]
[Site "Patras GRE"]
[Date "1999.10.17"]
[Round "12"]
[White "Eriksson, Jonas"]
[Black "Dovliatov, Sanan"]
[Result "1/2-1/2"]
[WhiteElo "2188"]
[BlackElo "2339"]
[EventDate "1999.10.02"]
[PlyCount "53"]

1.d4 f5 2.c4 Nf6 3.Nc3 g6 4.h4 Bg7 5.h5 d6 6.hxg6 hxg6 7.Rxh8+ Bxh8 8.Nf3 
c6 9.Qd2 Kf7 10.e4 fxe4 11.Ng5+ Kg8 12.Ncxe4 Nxe4 13.Nxe4 Nd7 14.Ng5 Nf8 
15.Bd3 e5 16.d5 Bf5 17.Be4 Bf6 18.dxc6 Bxg5 19.Bd5+ Ne6 20.Qxg5 Qxg5 21.
Bxg5 bxc6 22.Bxe6+ Bxe6 23.O-O-O d5 24.Bf6 Rf8 25.Bxe5 Rxf2 26.Bd4 Rxg2 
27.Rg1 1/2-1/2